000 00435 a2200109 4500
001 ART_41574
005 20260410161754.0
008 260409a
245 1 0 _aLa deducibilidad del impuesto sobre los bienes personales por parte del responsable sustituto como consecuencia de la causa "Rectificaciones Rivadavia SA"
100 1 _aGarcía, Fernando D.
773 0 _tDoctrina tributaria
_g- Nº 381 (dic. 2011)
_wREV4296
999 _c19964
_d19964